| Поле | Название | Значение |
| |
Тип записи |
c |
| |
Библиографический уровень |
m |
| 001 |
Контрольный номер |
RU/УОНБ/EK_N/322860390 |
| 005 |
Дата корректировки |
20250520124033.5 |
| 010 |
Индекс ISBN |
__ |
| 9 |
Тираж |
15000 экз. |
| 071 |
Издательские номер (звукозапись и ноты) |
20 |
| a |
Номер, присвоенный агентством |
8042 |
| 100 |
Данные общей обработки |
__ |
| a |
Данные общей обработки |
19950216d1973 u u0rusy0103 ca |
| 101 |
Язык документа |
0_ |
| a |
Язык текста |
rus |
| 200 |
Заглавие и сведения об ответственности |
1_ |
| a |
Заглавие |
Хрестоматия по дирижированию |
| f |
Первые сведения об ответственности |
авт.-сост. К. Б. Птица, Б. И. Куликов |
| 210 |
Выходные данные |
1_ |
| a |
Место издания |
Москва |
| c |
Издательство |
Музыка |
| d |
Дата издания |
1973 |
| 215 |
Физическое описание |
__ |
| d |
Формат |
29 см |
| 461 |
Уровень набора |
_0 |
| 1 |
|
2001 |
| a |
|
Хрестоматия по дирижированию |
| f |
|
авт.-сост. К. Б. Птица, Б. И. Куликов |
| v |
|
Вып. 2 |
| 1 |
|
210 |
| a |
|
М. |
| c |
|
Музыка |
| 1 |
|
215 |
| d |
|
29 |
| 1 |
|
702 1 |
| a |
|
Птица |
| b |
|
К. Б. |
| g |
|
Клавдий Борисович |
| 4 |
|
авт.-сост. |
| 1 |
|
702 1 |
| a |
|
Куликов |
| b |
|
Б. И. |
| g |
|
Борис Иванович |
| 4 |
|
авт.-сост. |
| 463 |
Уровень физической единицы |
_0 |
| 1 |
|
010 |
| d |
|
74.16 |
| 9 |
|
15000 экз. |
| 1 |
|
2001 |
| a |
|
Вып. 2 : Зарубежная хоровая музыка ХХ века |
| e |
|
для хора в сопровожд. фп. |
| v |
|
Вып. 2 |
| 1 |
|
210 |
| d |
|
1973 |
| 1 |
|
215 |
| a |
|
168 с. |
| 606 |
Тематические рубрики |
0_ |
| a |
Основная рубрика |
Хоровое пение |
| 686 |
Индексы других классификаций |
__ |
| a |
Классификационный индекс |
85.941.90 |
| 2 |
Код системы |
rubbk |
| 686 |
Индексы других классификаций |
__ |
| 2 |
Код системы |
rubbk |
| 702 |
Вторичная интеллектуальная ответственность |
_1 |
| a |
Фамилия |
Птица |
| b |
Имя (инициалы) |
К.Б. |
| g |
Полное личное имя |
Клавдий Борисович |
| 4 |
Код отношения |
авт.-сост. |
| 702 |
Вторичная интеллектуальная ответственность |
_1 |
| a |
Фамилия |
Куликов |
| b |
Имя (инициалы) |
Б.И. |
| g |
Полное личное имя |
Борис Иванович |
| 4 |
Код отношения |
авт.-сост. |
| 801 |
Источник записи |
_0 |
| a |
Страна |
RU |
| b |
Организация |
Ульяновская государственная областная научная библиотека им.В.И.Ленина |
| c |
Дата составления |
19950216 |
| g |
Правила каталогизации |
PSBO |
| 801 |
Источник записи |
_1 |
| a |
Страна |
RU |
| b |
Организация |
Ульяновская государственная областная научная библиотека им.В.И.Ленина |
| c |
Дата составления |
20071115 |
| 901 |
Тип документа |
__ |
| t |
Тип документа |
n |
| 938 |
Служебная информация |
__ |
| a |
Имя БД |
noti |
| b |
Имя библиотеки |
УОНБ |
| c |
Имя АИБС |
МАРК-SQL |
| d |
Номер DOC_ID в БД |
2112 |